02509nam a2200373 a 4500001001200000003000800012006001900020007001500039008004100054010001700095020002500112020002700137040002100164035002100185050002500206082001600231245015000247260004900397300003700446490003400483504005100517505053400568505055201102533015201654650002801806650002501834655002901859700002101888700002401909710001701933830004201950856012601992999001702118ebr10686225CaPaEBRm u cr cn|||||||||091203s2011 nyuad sb 001 0 eng d z 2009050743 z9781616680060 (hbk.) z9781621000402 (e-book) aCaPaEBRcCaPaEBR a(OCoLC)75911725514aQP171b.M3823 2011eb04a612.3/922200aMetabolomicsh[electronic resource] :bmetabolites, metabonomics, and analytical technologies /cJustin S. Knapp and William L. Cabrera, editors. aNew York :bNova Science Publishers,cc2011. axii, 263 p. :bill. (some col.).1 aGenetics--research and issues aIncludes bibliographical references and index.0 aCorrelations and distances-based approaches to static analysis of the variability in metabolomic datasets : applications and comparisons with other static and kinetic approaches / Nabil Semmar ... and others -- Metabolomic profile and fractal dimensions in breast cancer cells / Mariano Bizzarri ... and others -- Plant environmental metabolomics / Matthew P. Davey -- Microbial metagenomics : concept, methodology and prospects for novel biocatalysts and therapeutics from the mammalian gut microbiome / B. Singh ... [et al.] --0 aMetabolite identification, pathways and omic integration using online databases and tools / Matthew P. Davey -- Nutrigenomics, metabolomics and metabonomics : emerging faces of molecular genomics and nutrition / B. Singh ... and others -- Machine reconstruction of metabolic networks from metabolomic data through symbolic-statistical learning / Marenglen Biba ... and others -- Metabolomics / Viroj Wiwanikit -- The role of specific estrogen metabolites in the initiation of breast and other human cancers / Eleanor G. Rogan, Ercole L. Cavalieri. aElectronic reproduction.bPalo Alto, Calif. :cebrary,d2013.nAvailable via World Wide Web.nAccess may be limited to ebrary affiliated libraries. 0aMetabolismxRegulation. 0aFunctional genomics. 7aElectronic books.2local1 aKnapp, Justin S.1 aCabrera, William L.2 aebrary, Inc. 0aGenetics--research and issues series.40uhttp://site.ebrary.com/lib/rucke/Doc?id=10686225zAn electronic book accessible through the World Wide Web; click to view c13026d13026